000 00598nam a2200181Ia 4500
008 100917s9999 xx 000 0 und d
082 _b37054
100 _aभिडे श्री. र. - संपा.
245 _aनल - दमयंती स्वयंवर
260 _bसोमैय्या पब्लीकेशन्स
_c1971
300 _a140
365 _b6
520 _aकविता
630 _aनल - दमयंती स्वयंवर
650 _aकविता
730 _aनल - दमयंती स्वयंवर
942 _cBOOK
999 _c642448
_d642445